000 00685nam a2200181 i 4500
001 160344
003 ES-MaACL
005 20230906212016.0
008 040921s1873 fr |||| | fre d
040 _aCAM
_bspa
_cCAM
100 0 _aMüller, Friedrich Max.
_984122
245 1 0 _aEssais sur la mythologie comparée, les traditions et les coutumes /
_cpar Max Müller ; ouvrage traduit de l'anglais... par George Perrot.
260 _aParis :
_bDidier et C., libraires-éditeurs,
_c1873 (
_eOrléans :
_fImp. G. Jacob)
300 _aVII, 485 p. ;
_c19 cm.
650 4 _aMitología.
_915092
700 1 _aPerrot, Georges.
_991375
852 _aES-MaACL
_jF-10552
_z-- Enc. pasta española
999 _c160344
_d160344